What are these words in German - Statistics

General Stats
  • This quiz has been taken 25 times
  • The average score is 8 of 15
Answer Stats
Words Answer % Correct
German Deutsch
96%
Germany Deutschland
88%
No Nein
88%
Grandma Großmutter/Oma
80%
Love Liebe
80%
Am Bin
64%
Luxembourg Luxemburg
56%
Maybe Vielleicht
56%
Denmark Dänemark
48%
Jump Springen
40%
Run Rennen
36%
So Also
28%
Heal Heilen
20%
Sweets Süßigkeiten
20%
Dough Knete
4%
No matching quizzes found
Score Distribution
Percent of People with Each Score
Percentile by Number Answered
Your Score History
You have not taken this quiz